| 000 | 00732cab a2200253 4500 | ||
|---|---|---|---|
| 001 | ABS53324 | ||
| 008 | 090401t1995 xxu||||| |||| 00| 0 eng d | ||
| 035 | _a(Sirsi) u3554 | ||
| 041 | _aeng | ||
| 100 | _aHall, J. | ||
| 245 | _aOptions for business rates reform | ||
| 260 | _c1995 | ||
| 350 | _a0 | ||
| 490 |
_aIRRV Journal _vJuly 1995, 134(1) |
||
| 520 | _aDebates the merits of returning non-domestic rates to local control following research by the Institute of Fiscal Studies. | ||
| 650 | _aBUSINESS RATES | ||
| 650 | _aEQUALISATION | ||
| 650 | _aINSTITUTE OF FISCAL STUDIES | ||
| 650 | _aLOCAL GOVERNMENT | ||
| 650 | _aNON-DOMESTIC RATES | ||
| 690 | _aRATING AND VALUATION | ||
| 942 | _n0 | ||
| 948 | _c04/03/1997 | ||
| 999 |
_c2188 _d2188 |
||